000 00334nam a2200133Ia 4500
999 _c3393
_d3393
008 200103s 1977 ||||xx |||||||||||||| ||und||
020 _a114002975
082 _a551.63
_bHMS
100 _aHMSO London
245 4 _aThe marine observer's handbook
260 _bHMSO London
_c1977
_aLondon
300 _avii, 157p.
942 _cBK